000
002930000a22001450004500
003
MACL
040
_a
MACL
090
_c
7520
_d
7519
100
_a
Tagore, Ravindranath
245
_a
The Meaning of Art
260
_b
Lalit kala Akademi
350
_a
2.50
650
_a
Arts
942
_c
BOOK
_k
700
999
_c
7472
_d
7472